Handbuch des öffentlichen Haushaltswesens
Guardado en:
| Otros Autores: | |
|---|---|
| Formato: | Libro |
| Lenguaje: | alemán |
| Publicado: |
Wien
Manz
1991
|
| Edición: | 1. Aufl. |
| Materias: | |
| Etiquetas: |
Sin Etiquetas, Sea el primero en etiquetar este registro!
|
MARC
| LEADER | 00000nam a2200000 4500 | ||
|---|---|---|---|
| 001 | c001466 | ||
| 005 | 20221214102101.6 | ||
| 020 | |a 3-214-05920-3 | ||
| 041 | 0 | |a ger | |
| 044 | |a AT | ||
| 245 | 1 | 0 | |a Handbuch des öffentlichen Haushaltswesens |c Red. Manfried Gantner |
| 250 | |a 1. Aufl. | ||
| 264 | 1 | |a Wien |b Manz |c 1991 | |
| 300 | |a 416 s. | ||
| 610 | 2 | 0 | |a rozpočet štátny |
| 610 | 2 | 0 | |a rozpočet miestny |
| 610 | 2 | 0 | |a kontrola finančná |
| 610 | 2 | 0 | |a Rakúsko |
| 610 | 2 | 0 | |a účtovníctvo |
| 610 | 2 | 0 | |a styk platobný |
| 610 | 2 | 0 | |a sektor verejný |
| 610 | 2 | 0 | |a štatistika |
| 700 | 1 | |a Gantner, Manfried | |